Gửi ông đại tá chờ thư /

Kaydedildi:
Detaylı Bibliyografya
Yazar: Nguyễn Văn Thọ.
Materyal Türü: Makale
Dil:Vietnamese
Konular:
Etiketler: Etiketle
Etiket eklenmemiş, İlk siz ekleyin!
Thư viện lưu trữ: Thư viện Trường Đại học Đà Lạt
LEADER 00738nam a2200265 4500
001 DLU120143035
005 ##20121025
040 # # |a DLU  |b vie 
041 # # |a vie 
044 # # |a vn 
100 # # |a Nguyễn Văn Thọ. 
245 # # |a Gửi ông đại tá chờ thư /  |c Nguyễn Văn Thọ. 
653 # # |a Tâm lí xã hội 
653 # # |a Truyện ngắn 
653 # # |a Văn hoá đọc 
773 # # |t Văn nghệ quân độ  |g Số 3(744), 2012, tr. 81-87 
920 # # |a Phòng Tạp chí -- Trung tâm Thông tin - Thư viện Trường Đại học Đà Lạt 
994 # # |a DLU 
900 # # |a True 
911 # # |a Nguyễn Thị Linh Chi 
925 # # |a G 
926 # # |a A 
927 # # |a BB 
980 # # |a Thư viện Trường Đại học Đà Lạt